000 01409cam a2200325 a 4500
001 12545965
003 NUST
005 20220816151931.0
008 010926s2001 cou b 001 0 eng
010 _a 2001050390
020 _a1563087774 (pbk.)
040 _aDLC
_cDLC
_dDLC
050 0 0 _aZ701.3.C65
_bL39 2001
082 0 0 _a651.59
_bLAZ
100 1 _aLazinger, Susan S.
_q(Susan Smernoff)
_997494
245 1 0 _aDigital preservation and metadata :
_bhistory, theory, practice /
_cSusan S. Lazinger.
260 _aEnglewood, Colo. :
_bLibraries Unlimited,
_c2001.
300 _axxii, 359 p. ;
_c24 cm.
500 _a"With an annotated list of electronic social science data archives and cultural heritage digitization projects and centers by Helen R. Tibbo."
504 _aIncludes bibliographical references (p. 307-334) and index.
650 0 _aDigital preservation.
_997495
650 0 _aElectronic publications
_xConservation and restoration.
_997496
650 0 _aElectronic records
_xConservation and restoration.
_997497
650 0 _aMetadata.
_997498
650 0 _aDigital libraries.
_963192
700 1 _aTibbo, Helen R.
_997499
906 _a7
_bcbc
_corignew
_d1
_eocip
_f20
_gy-gencatlg
942 _2ddc
_cBK
999 _c591071
_d591071